书目信息 |
| 题名: |
初边值问题差分方法及绕流
|
|
| 作者: | 朱幼兰 著 | |
| 分册: | ||
| 出版信息: | 北京 科学出版社 1980 |
|
| 页数: | 629页 | |
| 开本: | 19cm | |
| 丛书名: | 纯粹数学与应用数学专著 | |
| 单 册: | ||
| 中图分类: | O175.8 | |
| 科图分类: | ||
| 主题词: | 边值问题-差分法 , 差分法-边值问题 | |
| 电子资源: | ||
| ISBN: | ||
| 000 | 00775nam2 2200265 45 | |
| 001 | 0180005060 | |
| 005 | 20060811090336.18 | |
| 010 | @b精装@dCNY3.25 | |
| 091 | @a13031.1007 | |
| 100 | @a19950523d1980 em y0chiy0121 ea | |
| 101 | 0 | @achi |
| 102 | @aCN@b110000 | |
| 105 | @ay z 000yy | |
| 200 | 10 | @a初边值问题差分方法及绕流@Achu bian zhi wen ti cha fen fang fa ji rao liu@f朱幼兰等著@Fzhu you lan deng zhu |
| 210 | @a北京@c科学出版社@d1980 | |
| 215 | @a629页@d19cm | |
| 225 | 2 | @a纯粹数学与应用数学专著@v4 |
| 410 | 0 | @120010@a纯粹数学与应用数学专著 |
| 606 | @a边值问题-差分法 | |
| 606 | @a差分法-边值问题 | |
| 690 | @aO175.8@v3 | |
| 701 | 0 | @a朱幼兰@Azhu you lan@4著 |
| 801 | 2 | @aCN@bNLC@c20060811 |
| 801 | 0 | @aCN@b上海图书馆@c20060224 |
| 905 | @dO175.8@e7 | |
| 初边值问题差分方法及绕流/朱幼兰等著.-北京:科学出版社,1980 |
| 629页;19cm.-(纯粹数学与应用数学专著;4) |
| ISBN (精装):CNY3.25 |
| ● |
| 相关链接 |
|
|
|
|
正题名:初边值问题差分方法及绕流
索取号:O175.8/7
 
预约/预借
| 序号 | 登录号 | 条形码 | 馆藏地/架位号 | 状态 | 备注 |
| 1 | 0027260 | 202135475 | 密集书库/ [索取号:O175.8/7] | 在馆 | |
| 2 | 0027262 | 001694358 | 密集书库/ [索取号:O175.8/7] | 在馆 | |
| 3 | 0454105 | 204541059 | 密集书库/ [索取号:O175.8/7] | 在馆 |